000 00600nam a2200241Ia 4500
003 OSt
005 20220918202506.0
006 a|||||r|||| 00| 0
007 ta
008 220917b |||||||| |||| 00| 0 eng d
024 _a101,675
037 _cTextual
040 _aARTS
_cARTS
_beng
041 _2eng
_aeng
082 _aV236.L<-H, M3
100 _aWatson J W
_992299
245 0 _aHistory of Gujrat
260 _aNew Delhi
_bCosmo Pub
_c1983
300 _a154p.
_ccm.
650 _aHISTORY
942 _hV236.L<-H, M3
_cTEXL
_2CC
999 _c225135
_d225135